Nghiên cứu hiện trạng sâu hại và biện pháp bọc bảo vệ măng các loài tre đang trồng phổ biến ở Viện Nam /
में बचाया:
| मुख्य लेखक: | |
|---|---|
| अन्य लेखक: | , |
| स्वरूप: | लेख |
| भाषा: | Vietnamese |
| विषय: | |
| टैग : |
टैग जोड़ें
कोई टैग नहीं, इस रिकॉर्ड को टैग करने वाले पहले व्यक्ति बनें!
|
| Thư viện lưu trữ: | Thư viện Trường Đại học Đà Lạt |
|---|
| LEADER | 00951nam a2200289 4500 | ||
|---|---|---|---|
| 001 | DLU090084155 | ||
| 005 | ##20091104 | ||
| 040 | # | # | |a DLU |b vie |
| 041 | # | # | |a vie |
| 044 | # | # | |a vn |
| 100 | # | # | |a Lê Bảo Thanh. |
| 245 | # | # | |a Nghiên cứu hiện trạng sâu hại và biện pháp bọc bảo vệ măng các loài tre đang trồng phổ biến ở Viện Nam / |c Lê Bảo Thanh, Nguyễn Thế Nhã, Bùi Trung Hiếu. |
| 653 | # | # | |a Cây xanh |
| 653 | # | # | |a Sâu hại |
| 653 | # | # | |a Trồng rừng |
| 700 | # | # | |a Bùi Trung Hiếu. |
| 700 | # | # | |a Nguyễn Thế Nhã. |
| 773 | # | # | |t Nông nghiệp và phát triển nông thôn |g Số 5(122), 2008, tr. 94-99 |
| 920 | # | # | |a Phòng Tạp chí -- Trung tâm Thông tin - Thư viện Trường Đại học Đà Lạt |
| 994 | # | # | |a DLU |
| 900 | # | # | |a True |
| 911 | # | # | |a Nguyễn Thị Linh Chi |
| 925 | # | # | |a G |
| 926 | # | # | |a A |
| 927 | # | # | |a BB |
| 980 | # | # | |a Thư viện Trường Đại học Đà Lạt |